Концерт № 2 для кларнета с оркестром (Запис номер 353486)
[ съкратено ]
| 000 -Лидер | |
|---|---|
| Контролно поле с фиксирана дължина | 01194ncm a2200325 c 4500 |
| 003 - Код на организацията, давaща контролен номер | |
| Контролно поле | BLK |
| 005 - Дата и час на последна редакция | |
| Контролно поле | 20241023005402.0 |
| 008 - Елементи от данни с фиксирана дължина | |
| fixed length control field | 180414b bul |a|er|||| |0| c|bulo| |
| 010 ## - Наследен системен номер | |
| LC control number | NOT00001237000 |
| 040 ## - Източник на каталожния запис | |
| Идентификатор на билиотеката - собственик на записа | BLK |
| 041 ## - Код за език | |
| Код за езика на текст/звукозапис или на отделно заглавие | Немски |
| Код за езика КДБФ | Немски |
| 080 ## - УДК | |
| Текстов определител УДК | Концерт за кларинет и оркестър |
| УДК код - определител по УДК | 785.6:788.6 |
| УДК - код + определител | 785.6:788.6 |
| 100 ## - Редна дума - Автор | |
| Автор | Вебер, Карл Мария фон |
| Авторска отговорност | първи автор |
| R(LIN) | 276870 |
| 139 ## - Редно поле | |
| Редна дума | Вебер, Карл Мария фон |
| Авторски знак | Веб - В 34 |
| 245 10 - Сведения за заглавието | |
| Заглавие | Концерт № 2 для кларнета с оркестром |
| Подзаглавни данни | Клавир |
| Редно поле (дума) | Карл Мария фон Вебер; Carl Maria von Weber. |
| Версия | Оп. 74 |
| 257 ## - Страна на издаване | |
| Страна на създаване/издаване | Русия |
| 260 ## - Област на издателските данни | |
| Име на издателя, разпространителя и проч. | Музыка |
| Година на издаване | 1985 |
| 9 (RLIN) | 402764 |
| Място на издаване, разпространение и проч. | Москва |
| 300 ## - Физическа характеристика | |
| Страници | 43 с. |
| Размери/Мащаб | 29 см |
| Съпровождащи материали | щим 12 с. |
| 380 ## - Жанр | |
| Жанр | Изкуство |
| 650 #0 - Допълнително описание по предмет – тема | |
| Основно описание – тема или топоним | Кларинет - концерти, концертини |
| 9 (RLIN) | 353187 |
| 653 ## - Ключова дума – ненормативна | |
| Ключова дума | концерти |
| 653 #7 - Ключова дума – ненормативна | |
| Ключова дума | кларинети |
| 9 (RLIN) | 188643 |
| 700 ## - Други автори (авторска отговорност) | |
| Лично име | Weber, Carl Maria von |
| 9 (RLIN) | 353181 |
| 852 ## - Местоположение | |
| Форматна сигнатура | ЦБ М ІІ 10357 |
| Част | 0 |
| 856 4# - Електронен адрес и достъп | |
| Електронен формат | pdf - файл |
| Път до файла /url/ | |
| 856 4# - Електронен адрес и достъп | |
| Електронен формат | pdf - файл |
| Път до файла /url/ | |
| 999 ## - СИСТЕМНИ КОНТРОЛНИ НОМЕРА | |
| Koha biblionumber | 353486 |
| Koha biblioitemnumber | 353486 |
| 942 ## - АРТИКУЛИ | |
| Вид на библиотечния материал | Нотни издания |
| Скрит в OPAC | Не |
| Периодичен библиозапис | Да |
| 944 ## - СЪЗДАВАНЕ И РЕДАКЦИЯ на ЗАПИСА | |
| Създаване/Редакция | Създаване |
| Дата на регистрацията/редакция | 2020-04-10 |
| Служител, извършил регистрацията/редакцията | |
| Статус, дата на статуса | CRON CRON |
| 999 ## - СИСТЕМНИ КОНТРОЛНИ НОМЕРА | |
| Koha biblioitemnumber | 301491 |
| Код за отписване | Код за изгубен артикул | Източник на класификационната схема | Код за повреда | Коз за рестрикции | Код за отдаване | Артикулен № | Име на библиотеката - собственик | Име на библиотеката, в която се намира в момента | Статус (Текущо местоположение) | Дата на вписване в системата | Местоположение - отдел | Цена в лева | Инвентарен номер | Систематично азбучна сигнатура | Баркод | Цена в евро | Служебен тип на артикула |
|---|---|---|---|---|---|---|---|---|---|---|---|---|---|---|---|---|---|
| Не е изгубен | Universal Decimal Classification | Не е повреден | без рестрикции | заемане за дома | 760990 | Регионална библиотека "Любен Каравелов" Русе | Регионална библиотека "Любен Каравелов" Русе | Отдел Изкуство - подръчен фонд | 2020-04-13 | Отдел Изкуство - подръчен фонд | 0.96 | 481307 | 788/В 34 К | 120000481307 | 0.49 | Нотни издания | |
| Не е изгубен | Universal Decimal Classification | Не е повреден | без рестрикции | заемане за дома | 760991 | Регионална библиотека "Любен Каравелов" Русе | Регионална библиотека "Любен Каравелов" Русе | Отдел Изкуство - подръчен фонд | 2020-04-13 | Отдел Изкуство - подръчен фонд | 0.96 | 481249 | 788/В 34 К | 120000481249 | 0.49 | Нотни издания | |
| Не е изгубен | Universal Decimal Classification | Не е повреден | без рестрикции | заемане за дома | 760992 | Регионална библиотека "Любен Каравелов" Русе | Регионална библиотека "Любен Каравелов" Русе | Отдел Изкуство - подръчен фонд | 2020-04-13 | Отдел Изкуство - подръчен фонд | 0.00 | 1040/89 | 788/В 34 К | 900000005362 | 0.00 | Нотни издания | |
| Не е изгубен | Universal Decimal Classification | Не е повреден | само за читалня | ползва се в читалня | 779533 | Регионална библиотека "Любен Каравелов" Русе | Регионална библиотека "Любен Каравелов" Русе | Хранилище | 2020-06-29 | Основен фонд - ползва се само за читалня | 0.96 | 481248 | Цб М ІІ 10357 | 900000022979 | 0.49 | Нотни издания |